000 00998nam a22003377a 4500
001 0003221
003 KOHA_MİRAKIL
005 20260207001330.0
007 ta
008 090323b1997 tu |||gr||||#0|||1|tur |
020 _a9754703698
040 _aTR-BiSEU
_btur
_cTR-BiSEU
_erda
041 0 _atur
044 _ctu
050 _aPL248.K37
_bN87 1997
100 1 _aKaraosmanoglu, Yakup Kadri .
245 1 _aNur Baba/
_cYakup Kadri Karaosmanoglu ; Yakup Kadri Karaosmanoğlu; editör Atilla Özkırımlı.
264 1 _aİstanbul :
_bİletişim
_c1997
300 _a256 sayfa
336 _ametin
_btxt
_2rdacontent
337 _aaracısız
_bn
_2rdamedia
338 _acilt
_bnc
_2rdacarrier
490 1 _aİletişim yayınları ;
_v2.
490 1 _aBütün eserleri ;
_v2.
650 0 _aTürk romanı.
_95504
650 0 _aTurkish fiction.
_96661
830 1 _aİletişim yayınları ;
_v2.
_92528
830 1 _aBütün eserleri ;
_v2.
_96304
907 _aRoman
942 _2lcc
_cBK
999 _c3205
_d3205